Statistics for Most la Liga Hat Tricks

Click here to take the quiz!

General Stats

  • This quiz has been taken 117 times
  • The average score is 3 of 5

Answer Stats

HintAnswer% Correct
Real madridCristiano Ronaldo
98%
BarcelonaLionel Messi
93%
BarcelonaLuis Suarez
41%
Real MadridGareth Bale
25%
BarcelonaNeymar Jr.
16%

Score Distribution

Percentile by Number Answered

Percent of People with Each Score

Your Score History

You have not taken this quiz